Detalles MARC
| 000 -CABECERA |
| campo de control de longitud fija |
01019nam a2200265 a 4500 |
| 001 - NÚMERO DE CONTROL |
| campo de control |
000021308 |
| 005 - FECHA Y HORA DE LA ÚLTIMA TRANSACCIÓN |
| campo de control |
20200930011307.0 |
| 008 - DATOS DE LONGITUD FIJA--INFORMACIÓN GENERAL |
| campo de control de longitud fija |
100904r19651975mx a r 001 0 eng d |
| 040 ## - FUENTE DE LA CATALOGACIÓN |
| Centro catalogador/agencia de origen |
DO-SdBNP |
| Lengua de catalogación |
spa |
| Centro/agencia transcriptor |
BNPHU |
| 082 ## - NÚMERO DE LA CLASIFICACIÓN DECIMAL DEWEY |
| Número de clasificación |
636.9322 |
| Número de documento/Ítem |
T288c |
| 049 ## - FONDOS LOCALES (OCLC) |
| Fondos de biblioteca |
BNGR |
| 100 1# - ENTRADA PRINCIPAL--NOMBRE DE PERSONA |
| Nombre de persona |
Templeton, George S., |
| 9 (RLIN) |
44526 |
| 240 10 - TÍTULO UNIFORME |
| Título uniforme |
Domestic rabbit production. |
| Lenguaje de la obra |
Español. |
| 245 10 - MENCIÓN DE TÍTULO |
| Título |
Cría del conejo doméstico / |
| Mención de responsabilidad, etc. |
George S. Templeton ; traducido por José Luis de la Loma ; revisado por Alfredo Aguilar Barroso. |
| 250 ## - MENCIÓN DE EDICIÓN |
| Mención de edición |
13 reimp. |
| 260 ## - PUBLICACIÓN, DISTRIBUCIÓN, ETC. |
| Lugar de publicación, distribución, etc. |
México : |
| Nombre del editor, distribuidor, etc. |
Compañía Editorial Continental, |
| Fecha de publicación, distribución, etc. |
1965. |
| 300 ## - DESCRIPCIÓN FÍSICA |
| Extensión |
255 p. : |
| Otras características físicas |
ill. ; |
| Dimensiones |
23 cm. |
| 500 ## - NOTA GENERAL |
| Nota general |
Incluye notas al pie de las páginas. |
| 534 ## - NOTA SOBRE LA VERSIÓN ORIGINAL |
| Frase introductoria |
Título original en inglés: |
| Mención de título del original |
Domestic rabbit production. |
| Publicación, distribución, etc. del original |
Danville, Illinois : The Interstate Printers & Publishers, 1962 |
| 500 ## - NOTA GENERAL |
| Nota general |
Include index |
| 650 #4 - PUNTO DE ACCESO ADICIONAL DE MATERIA--TÉRMINO DE MATERIA |
| Término de materia o nombre geográfico como elemento de entrada |
Cunicultura |
| 9 (RLIN) |
44527 |
| 650 #4 - PUNTO DE ACCESO ADICIONAL DE MATERIA--TÉRMINO DE MATERIA |
| Término de materia o nombre geográfico como elemento de entrada |
Conejos |
| 9 (RLIN) |
41153 |
| 700 1# - PUNTO DE ACCESO ADICIONAL--NOMBRE DE PERSONA |
| Nombre de persona |
Loma, José Luis de la, |
| Término indicativo de función/relación |
tr. |
| 9 (RLIN) |
44528 |
| 700 1# - PUNTO DE ACCESO ADICIONAL--NOMBRE DE PERSONA |
| Nombre de persona |
Aguilar Barroso, Alfredo, |
| 9 (RLIN) |
44529 |